Tobacco use policymaking and administration in Bhutan / (Record no. 1180)
[ view plain ]
| 000 -LEADER | |
|---|---|
| fixed length control field | 00762nam a2200205 4500 |
| 001 - CONTROL NUMBER | |
| control field | 1582 |
| 005 - DATE AND TIME OF LATEST TRANSACTION | |
| control field | 20181127163539.0 |
| 090 00 - LOCALLY ASSIGNED LC-TYPE CALL NUMBER (OCLC); LOCAL CALL NUMBER (RLIN) | |
| Classification number (OCLC) (R) ; Classification number, CALL (RLIN) (NR) | 362.29 G5392t 2009 |
| 100 00 - MAIN ENTRY--PERSONAL NAME | |
| Personal name | Givel, Michael. |
| 245 00 - TITLE STATEMENT | |
| Title | Tobacco use policymaking and administration in Bhutan / |
| Remainder of title | |
| Statement of responsibility, etc. | Michael Givel. |
| Medium | |
| 260 00 - PUBLICATION, DISTRIBUTION, ETC. | |
| Place of publication, distribution, etc. | Norman, OK : |
| Name of publisher, distributor, etc. | University of Oklahoma, |
| Date of publication, distribution, etc. | 2009. |
| 300 00 - PHYSICAL DESCRIPTION | |
| Extent | 57 p. |
| 500 ## - GENERAL NOTE | |
| General note | "November 2009" |
| General note | Electronic copy available on RTC Cloud in "Library" folder |
| General note | In English. |
| 650 ## - SUBJECT ADDED ENTRY--TOPICAL TERM | |
| Topical term or geographic name entry element | Smoking |
| Form subdivision | |
| General subdivision | |
| Chronological subdivision | |
| Geographic subdivision | Bhutan. |
| Source of heading or term | |
| Topical term or geographic name entry element | Tobacco |
| Form subdivision | |
| General subdivision | |
| Chronological subdivision | |
| Geographic subdivision | Bhutan. |
| Source of heading or term | |
| Topical term or geographic name entry element | Tobacco use |
| Form subdivision | |
| General subdivision | |
| Chronological subdivision | |
| Geographic subdivision | Bhutan. |
| Source of heading or term | |
| 856 ## - ELECTRONIC LOCATION AND ACCESS | |
| Host name | |
| Uniform Resource Identifier | <a href="http://works.bepress.com/cgi/viewcontent.cgi?article=1018&context=michael_givel">http://works.bepress.com/cgi/viewcontent.cgi?article=1018&context=michael_givel</a> |
| Link text | Tobacco use policymaking and administration in Bhutan |
| Public note | |
| Materials specified | |
| Withdrawn status | Lost status | Source of classification or shelving scheme | Damaged status | Not for loan | Collection code | Home library | Current library | Shelving location | Date acquired | Serial Enumeration / chronology | Inventory number | Full call number | Barcode | Date last seen | Price effective from | Koha item type |
|---|---|---|---|---|---|---|---|---|---|---|---|---|---|---|---|---|
| Dewey Decimal Classification | Main TEST | RTC Library | RTC Library | Main opac | 09/07/2021 | 2988 | 362.29 GIV | 30002725 | 27/11/2018 | 27/11/2018 | Main |